| 000 | 01546nam2a22003131 4500 | ||
|---|---|---|---|
| 001 | rc\4214742 | ||
| 005 | 20250611134059.0 | ||
| 021 |
_aRU _b[49-27021] |
||
| 035 | _a(NLR Aleph) 008211321 | ||
| 090 |
_a8098388 _c8098388 |
||
| 100 | _a20130415d1949 |||y0rusy50 ca | ||
| 101 | 0 | _arus | |
| 102 | _aRU | ||
| 105 | _aa z ||||| | ||
| 200 | 1 |
_aЗлатки (Buprestidae) _f[Ред. А.А. Штакельберг]. Ч. 2 |
|
| 210 |
_cизд-во и 1-я тип. Изд-ва Акад. наук СССР в Л. _d1949 _aБ. м. |
||
| 215 |
_a260 с., 2 л. ил. _cил. _d26 |
||
| 225 | 1 |
_a... _v№ 37 |
|
| 320 | _aБиблиогр.: с. 36-37 и в начале разделов | ||
| 461 | 0 |
_1001rc\4214738 _12001#$aФауна СССР$fГл. ред. акад. Е.Н. Павловский$gЗоол. ин-т Акад. наук СССР$vТ. 13. Вып. 2 _98098367 _cМосква _d1951 _fГл. ред. акад. Е.Н. Павловский _nИзд-во Акад. наук СССР _tФауна СССР _vТ. 13. Вып. 2 |
|
| 606 |
_aЖесткокрылые (т. 13, вып. 2) _2psbo |
||
| 700 | 1 |
_7ca _8rus _aРихтер _bА. А. _cд-р биол. наук, энтомолог _f1911-1950 _gАндрей Андреевич _9268816 _3RU\NLR\AUTH\770268872 |
|
| 702 | 1 |
_4340 _7ca _8rus _aШтакельберг _bА. А. _f1897-1975 _gАлександр Александрович _9244390 _3RU\NLR\AUTH\770244446 |
|
| 801 | 0 |
_aRU _bNLR _gpsbo |
|
| 801 | 1 |
_aRU _bELAR _2rusmarc |
|
| 852 |
_aNLR _jЗ-02 Г-7/3 |
||
| 942 | _cBOOK | ||
| 980 | _aNB | ||